Отчет по Дерптскому учебному округу за 1812 год

Доступно только в Электронных читальных залах Найти на картеНа карте
RUSMARC
00003896nmc2a2200000 x 450
0019db6fcf6-090e-4cb5-8c53-f7a967d592a9
00520160707183350.0
100##$a20150706l18121813k l0rusy0189 ca
1010#$arus
$ager
102##$aRU
2001#$aОтчет по Дерптскому учебному округу за 1812 год
$j1812-1813 гг.
251##$cДело
300##$aНа русском и немецком языках
300##$aОриг. заголовок дела: Отчет о состоянии учебных заведений Дерптского учебного округа за 1812 год
801#0$aRU
$bРГИА
$c20150706
$gRCR
801#1$aRU
$bГлавНИВЦ
$c20150706
$2rusmarc
801#2$aRU
$bПБ им. Б.Н. Ельцина
$c20160707
$gRCR
$2rusmarc
850##$aРГИА
852##$aРГИА
$eФедеральное казенное учреждение "Российский государственный исторический архив" (РГИА)
$j273
937##$hРГИА
$d11605847
$aASBIBLIO_SCAN
461#0$1001a74412a3-3cc5-4d21-8f0a-dfe2fbd9e72d
$12001
$aДепартамент народного просвещения Министерства народного просвещения (1803-1917)
$1251
$cФонд
$1852
$j733
462#0$1001fd6b21ee-d87a-47e3-a853-b37a42a57f1e
$12001
$aОтчеты научных учреждений и учебных округов Департамента народного просвещения
$1251
$cОпись
$1852
$j95
215##$a142 л.
$d36,5x26 см
371##$aДокумент не является опубликованным и широко распространяемым
105##$aу###
1222#$ad
5171#$aОтчет о состоянии учебных заведений Дерптского учебного округа за 1812 год
035##$a9db6fcf6-090e-4cb5-8c53-f7a967d592a9
Формат отображения